00480nam a2200169Ia 4500003000400000005001700004008004100021020002900062040001700091082002200108100003300130245006300163260002800226300002200254500001900276650001500295IIN20250519105504.0231217s2022 xx ad 001 0 eng d cRs.625.00a9789386006998 aIINbEnglish a150.2461073 bRAJ1 aRaj, D. Elakkuvana Bhaskara  2aApplied Psychology for Nurses/cD. Elakkuvana Bhaskara Raj bEMMESSaBangalorec2022 aviii, 344p.bill. aIncludes Index1 aPsychology